000 00571nam a2200193Ia 4500
005 20250326143313.0
008 250326s9999 xx 000 0 und d
020 _a1 403 92492 9
037 _aTextbook
040 _aFMSL
_beng
_cFMSL
041 _aeng
_2eng
084 _aX:9 P5
_qFMSL
100 _aJain U
_9747794
245 0 _aDeveloping leadership for the global Era : HRD perspectives and initiatives
_cJain U; Pareek U And Others
260 _aDelhi
_bDelhi, Macmillan
_c2005
300 _a340p
942 _cTB
_hX:9 P5
999 _c1298993
_d1298993